| 000 | 01021cab a2200277 4500 | ||
|---|---|---|---|
| 001 | ABS60422 | ||
| 008 | 090401t1999 xxu||||| |||| 00| 0 eng d | ||
| 035 | _a(Sirsi) u92778 | ||
| 041 | _aeng | ||
| 245 | _aWhole-life cost model | ||
| 260 | _c1999 | ||
| 350 | _a0 | ||
| 490 |
_aBuilding _v264 (8082) 9 April 1999, 68-75(7) |
||
| 520 | _aThe second article in a series on occupancy costs (see ABS59897). Looks at learning resource centres, the high-tech equivalents of the traditional library which have emerged over the past five years. Gives whole-life cost summaries for two model buildings and uses the centre at Surrey Institute of Art & Design as a case study. | ||
| 650 | _aCASE STUDIES | ||
| 650 | _aCOLLEGES | ||
| 650 | _aCOSTS | ||
| 650 | _aLEARNING RESOURCE CENTRES | ||
| 650 | _aOCCUPANCY COSTS | ||
| 650 | _aSERVICES | ||
| 650 | _aSURREY INSTITUTE OF ART AND DESIGN | ||
| 650 | _aWHOLE LIFE COST MODELS | ||
| 690 | _aBUILT ENVIRONMENT-BUILDING COSTS | ||
| 942 | _n0 | ||
| 948 | _c15/04/1999 | ||
| 999 |
_c58807 _d58807 |
||